[Event "ODJM C 2024"]
[Site "Willingen GER"]
[Date "2024.05.23"]
[Round "7"]
[White "Englert, Ann"]
[Black "Winklmann, Alexander"]
[Result "1-0"]
[Termination "normal"]
[Board "21"]
[WhiteElo "1530"]
[BlackElo "1075"]
[WhiteClock "00:59:47"]
[BlackClock "01:15:01"]
[PlyCount "44"]
[WhiteFideId "34606181"]
[BlackFideId "533001979"]
[EventCountry "GER"]
[EventRounds "9"]
[EventType "swiss"]
[EventDate "2024.05.18"]

1. d4 {[%clk 01:30:58]} {[%emt 00:00:02]} d5 {[%clk 01:30:55]} {[%emt
00:00:06]} 2. c4 {[%clk 01:31:21]} {[%emt 00:00:07]} e6 {[%clk 01:31:18]}
{[%emt 00:00:07]} 3. Nc3 {[%clk 01:31:32]} {[%emt 00:00:19]} Be7 {[%clk
01:31:16]} {[%emt 00:00:31]} 4. cxd5 {[%clk 01:31:31]} {[%emt 00:00:32]} exd5
{[%clk 01:31:31]} {[%emt 00:00:15]} 5. Bf4 {[%clk 01:31:36]} {[%emt 00:00:25]}
c6 {[%clk 01:31:51]} {[%emt 00:00:10]} 6. e3 {[%clk 01:31:27]} {[%emt
00:00:39]} Bd6 {[%clk 01:32:12]} {[%emt 00:00:08]} 7. Bxd6 {[%clk 01:31:12]}
{[%emt 00:00:45]} Qxd6 {[%clk 01:32:35]} {[%emt 00:00:07]} 8. Nf3 {[%clk
01:30:52]} {[%emt 00:00:50]} Bf5 {[%clk 01:32:53]} {[%emt 00:00:12]} 9. Be2
{[%clk 01:30:37]} {[%emt 00:00:46]} Nd7 {[%clk 01:33:04]} {[%emt 00:00:19]} 10.
O-O {[%clk 01:30:23]} {[%emt 00:00:44]} Ne7 {[%emt 00:00:19]} 11. a3 {[%clk
01:29:16]} {[%emt 00:01:35]} h5 {[%clk 01:30:46]} {[%emt 00:03:00]} 12. h3
{[%clk 01:25:39]} {[%emt 00:04:07]} Rh6 {[%clk 01:29:49]} {[%emt 00:01:27]} 13.
Nh2 {[%clk 01:23:57]} {[%emt 00:02:12]} Nf6 {[%clk 01:28:49]} {[%emt 00:01:30]}
14. Qb3 {[%clk 01:18:08]} {[%emt 00:06:18]} Qc7 {[%clk 01:27:46]} {[%emt
00:01:32]} 15. Nf3 {[%clk 01:17:01]} {[%emt 00:01:39]} Ne4 {[%clk 01:23:35]}
{[%emt 00:04:41]} 16. Nxe4 {[%clk 01:15:49]} {[%emt 00:01:42]} dxe4 {[%clk
01:23:30]} {[%emt 00:00:34]} 17. Ne5 {[%clk 01:14:49]} {[%emt 00:01:30]} Bg6
{[%clk 01:20:12]} {[%emt 00:03:45]} 18. Bc4 {[%clk 01:13:01]} {[%emt 00:02:22]}
Nf5 {[%clk 01:19:15]} {[%emt 00:01:26]} 19. Nxg6 {[%clk 01:12:01]} {[%emt
00:01:32]} Rxg6 {[%clk 01:18:49]} {[%emt 00:00:55]} 20. Be2 {[%clk 01:10:44]}
{[%emt 00:01:44]} Nh4 {[%clk 01:18:33]} {[%emt 00:00:48]} 21. f4 {[%clk
00:59:50]} {[%emt 00:11:25]} Rxg2+ {[%clk 01:18:32]} {[%emt 00:00:30]} 22. Kh1
{[%clk 00:59:47]} {[%emt 00:00:33]} Rxe2 {[%clk 01:15:01]} 1-0

[Event "ODJM C 2024"]
[Site "Willingen GER"]
[Date "2024.05.23"]
[Round "7"]
[White "Frydel, Helena"]
[Black "Pawlus, Daniel"]
[Result "1/2-1/2"]
[Termination "normal"]
[Board "22"]
[WhiteElo "1485"]
[BlackElo "1060"]
[WhiteClock "00:52:16"]
[BlackClock "00:11:57"]
[PlyCount "66"]
[WhiteFideId "16266536"]
[BlackFideId "34672320"]
[EventCountry "GER"]
[EventRounds "9"]
[EventType "swiss"]
[EventDate "2024.05.18"]

1. e4 {[%clk 01:30:57]} {[%emt 00:00:02]} c5 {[%clk 01:29:58]} {[%emt
00:01:01]} 2. Nf3 {[%clk 01:31:17]} {[%emt 00:00:11]} g6 {[%clk 01:29:32]}
{[%emt 00:00:56]} 3. d4 {[%clk 01:31:40]} {[%emt 00:00:06]} cxd4 {[%clk
01:29:19]} {[%emt 00:00:44]} 4. Nxd4 {[%clk 01:32:01]} {[%emt 00:00:10]} Nc6
{[%clk 01:28:15]} {[%emt 00:01:34]} 5. c4 {[%clk 01:31:35]} {[%emt 00:00:55]}
Bg7 {[%clk 01:27:53]} {[%emt 00:00:49]} 6. Be3 {[%clk 01:31:51]} {[%emt
00:00:18]} d6 {[%clk 01:20:31]} {[%emt 00:07:52]} 7. Nc3 {[%clk 01:29:16]}
{[%emt 00:03:05]} Nf6 {[%clk 01:17:51]} {[%emt 00:03:09]} 8. Be2 {[%clk
01:28:40]} {[%emt 00:01:05]} O-O {[%clk 01:11:29]} {[%emt 00:06:53]} 9. O-O
{[%clk 01:28:57]} {[%emt 00:00:14]} Nxd4 {[%clk 01:00:59]} {[%emt 00:10:59]}
10. Bxd4 {[%clk 01:21:09]} {[%emt 00:08:18]} e5 {[%clk 00:59:19]} {[%emt
00:02:10]} 11. Be3 {[%clk 01:21:29]} {[%emt 00:00:09]} Be6 {[%clk 00:55:03]}
{[%emt 00:04:47]} 12. Qd2 {[%clk 01:20:06]} {[%emt 00:01:53]} Qd7 {[%clk
00:53:56]} {[%emt 00:01:32]} 13. Rfd1 {[%clk 01:17:46]} {[%emt 00:02:55]} Rfd8
{[%clk 00:53:29]} {[%emt 00:00:56]} 14. f3 {[%clk 01:17:17]} {[%emt 00:01:00]}
a6 {[%clk 00:51:47]} {[%emt 00:02:12]} 15. b3 {[%clk 01:16:45]} {[%emt
00:01:03]} Rac8 {[%clk 00:41:58]} {[%emt 00:10:17]} 16. Bb6 {[%clk 01:15:14]}
{[%emt 00:02:00]} Re8 {[%clk 00:40:57]} {[%emt 00:01:32]} 17. Qxd6 {[%clk
01:15:21]} {[%emt 00:00:24]} Qxd6 {[%clk 00:41:15]} {[%emt 00:00:12]} 18. Rxd6
{[%clk 01:15:45]} {[%emt 00:00:07]} Nd7 {[%clk 00:37:34]} {[%emt 00:04:11]} 19.
Rad1 {[%clk 01:13:17]} {[%emt 00:02:57]} Nxb6 {[%emt 00:03:08]} 20. Rxb6 {[%clk
01:13:40]} {[%emt 00:00:04]} Rc7 {[%clk 00:30:38]} {[%emt 00:04:51]} 21. Rbd6
{[%clk 01:07:15]} {[%emt 00:06:54]} Bf8 {[%clk 00:22:43]} {[%emt 00:08:26]} 22.
R6d3 {[%clk 01:05:58]} {[%emt 00:01:31]} Bc5+ {[%clk 00:20:10]} {[%emt
00:03:18]} 23. Kf1 {[%clk 01:05:37]} {[%emt 00:00:51]} Bd4 {[%clk 00:17:52]}
{[%emt 00:02:48]} 24. Ke1 {[%clk 01:03:11]} {[%emt 00:02:56]} Rd8 {[%clk
00:13:56]} {[%emt 00:04:26]} 25. Kf1 {[%clk 01:03:16]} {[%emt 00:00:26]} Rcd7
{[%clk 00:13:24]} {[%emt 00:01:02]} 26. Nd5 {[%clk 01:03:02]} {[%emt 00:00:44]}
Kg7 {[%clk 00:13:20]} {[%emt 00:00:34]} 27. h3 {[%clk 01:02:27]} {[%emt
00:01:05]} f5 {[%clk 00:13:18]} {[%emt 00:00:32]} 28. g3 {[%clk 01:00:41]}
{[%emt 00:02:16]} fxe4 {[%clk 00:13:10]} {[%emt 00:00:38]} 29. fxe4 {[%clk
01:00:45]} {[%emt 00:00:26]} Bxh3+ {[%clk 00:13:29]} {[%emt 00:00:11]} 30. Ke1
{[%clk 01:00:14]} {[%emt 00:01:01]} Rf8 {[%clk 00:13:21]} {[%emt 00:00:38]} 31.
Rf3 {[%clk 00:58:54]} {[%emt 00:01:50]} Rxf3 {[%clk 00:12:42]} {[%emt
00:01:09]} 32. Bxf3 {[%clk 00:59:16]} {[%emt 00:00:08]} Rf7 {[%clk 00:12:47]}
{[%emt 00:00:25]} 33. Ke2 {[%clk 00:52:16]} {[%emt 00:07:29]} Be6 {[%clk
00:11:57]} {[%emt 00:01:20]} 1/2-1/2

[Event "ODJM C 2024"]
[Site "Willingen GER"]
[Date "2024.05.23"]
[Round "7"]
[White "Albrecht, Sidney Jenna"]
[Black "Michaelis, Leon"]
[Result "1-0"]
[Termination "normal"]
[Board "23"]
[WhiteElo "1616"]
[BlackElo "917"]
[WhiteClock "00:33:44"]
[BlackClock "01:13:51"]
[PlyCount "39"]
[WhiteFideId "34660283"]
[BlackFideId "34660542"]
[EventCountry "GER"]
[EventRounds "9"]
[EventType "swiss"]
[EventDate "2024.05.18"]

1. c4 {[%clk 01:30:59]} {[%emt 00:00:01]} c6 {[%clk 01:30:47]} {[%emt
00:00:14]} 2. g3 {[%clk 01:30:47]} {[%emt 00:00:41]} d5 {[%clk 01:30:55]}
{[%emt 00:00:22]} 3. b3 {[%clk 01:30:53]} {[%emt 00:00:25]} Bf5 {[%clk
01:30:55]} {[%emt 00:00:29]} 4. Bg2 {[%clk 01:29:40]} {[%emt 00:01:43]} e6
{[%clk 01:30:57]} {[%emt 00:00:28]} 5. Nf3 {[%clk 01:26:29]} {[%emt 00:03:41]}
Nf6 {[%clk 01:30:22]} {[%emt 00:01:05]} 6. O-O {[%clk 01:21:05]} {[%emt
00:05:53]} Nbd7 {[%clk 01:30:12]} {[%emt 00:00:41]} 7. d4 {[%clk 01:17:11]}
{[%emt 00:04:24]} b6 {[%clk 01:26:53]} {[%emt 00:03:48]} 8. Nc3 {[%clk
01:12:19]} {[%emt 00:05:22]} c5 {[%clk 01:25:07]} {[%emt 00:02:16]} 9. cxd5
{[%clk 01:10:01]} {[%emt 00:02:48]} cxd4 {[%clk 01:23:45]} {[%emt 00:01:53]}
10. Nxd4 {[%clk 01:09:39]} {[%emt 00:00:52]} e5 {[%clk 01:22:47]} {[%emt
00:01:28]} 11. Nxf5 {[%clk 01:09:43]} {[%emt 00:00:26]} Nc5 {[%clk 01:22:19]}
{[%emt 00:00:58]} 12. Ba3 {[%clk 01:05:00]} {[%emt 00:05:12]} Qd7 {[%clk
01:20:55]} {[%emt 00:01:55]} 13. Ne3 {[%clk 01:02:58]} {[%emt 00:02:32]} Bd6
{[%clk 01:20:27]} {[%emt 00:00:58]} 14. Nc4 {[%clk 01:01:28]} {[%emt 00:02:00]}
Nb7 {[%clk 01:19:00]} {[%emt 00:01:57]} 15. Bxd6 {[%clk 00:59:09]} {[%emt
00:02:48]} Nxd6 {[%clk 01:19:08]} {[%emt 00:00:22]} 16. Nxe5 {[%clk 00:58:25]}
{[%emt 00:01:15]} Qf5 {[%clk 01:18:53]} {[%emt 00:00:44]} 17. Qd4 {[%clk
00:55:16]} {[%emt 00:03:39]} O-O {[%clk 01:18:19]} {[%emt 00:01:05]} 18. Nc6
{[%emt 00:11:18]} Qh5 {[%clk 01:14:41]} 19. Qe5 {[%clk 00:38:24]} {[%emt
00:10:42]} Nf5 {[%clk 01:13:51]} {[%emt 00:01:20]} 20. Qxf5 {[%clk 00:33:44]}
{[%emt 00:05:09]} 1-0

[Event "ODJM C 2024"]
[Site "Willingen GER"]
[Date "2024.05.23"]
[Round "7"]
[White "Peglau, Lorena"]
[Black "Hempel, Christian"]
[Result "1-0"]
[Termination "normal"]
[Board "24"]
[WhiteElo "1563"]
[BlackElo "859"]
[WhiteClock "01:09:55"]
[BlackClock "00:36:07"]
[PlyCount "53"]
[WhiteFideId "16290542"]
[BlackFideId "34660470"]
[EventCountry "GER"]
[EventRounds "9"]
[EventType "swiss"]
[EventDate "2024.05.18"]

1. e4 {[%clk 01:30:58]} {[%emt 00:00:02]} e6 {[%clk 01:30:49]} {[%emt
00:00:12]} 2. d4 {[%clk 01:31:23]} {[%emt 00:00:04]} d5 {[%clk 01:31:12]}
{[%emt 00:00:07]} 3. e5 {[%clk 01:31:48]} {[%emt 00:00:06]} c5 {[%clk
01:31:28]} {[%emt 00:00:13]} 4. Nf3 {[%clk 01:32:12]} {[%emt 00:00:05]} Nc6
{[%clk 01:31:41]} {[%emt 00:00:18]} 5. Bd3 {[%clk 01:32:36]} {[%emt 00:00:06]}
cxd4 {[%clk 01:32:01]} {[%emt 00:00:10]} 6. O-O {[%clk 01:32:57]} {[%emt
00:00:09]} Bc5 {[%clk 01:31:56]} {[%emt 00:00:35]} 7. Re1 {[%clk 01:33:15]}
{[%emt 00:00:12]} Bd7 {[%clk 01:31:57]} {[%emt 00:00:29]} 8. Nbd2 {[%clk
01:33:38]} {[%emt 00:00:07]} f6 {[%clk 01:31:36]} {[%emt 00:00:51]} 9. exf6
{[%clk 01:33:33]} {[%emt 00:00:35]} Nxf6 {[%clk 01:31:58]} {[%emt 00:00:08]}
10. Nb3 {[%clk 01:33:49]} {[%emt 00:00:14]} Be7 {[%clk 01:31:47]} {[%emt
00:00:42]} 11. Nbxd4 {[%clk 01:32:48]} {[%emt 00:01:30]} O-O {[%clk 01:30:26]}
{[%emt 00:01:51]} 12. Nxe6 {[%clk 01:31:54]} {[%emt 00:01:24]} Bxe6 {[%clk
01:30:31]} {[%emt 00:00:25]} 13. Rxe6 {[%clk 01:32:18]} {[%emt 00:00:06]} Qd7
{[%clk 01:29:41]} {[%emt 00:01:21]} 14. Re1 {[%clk 01:32:03]} {[%emt 00:00:44]}
Qc7 {[%clk 01:25:15]} {[%emt 00:04:55]} 15. Bg5 {[%clk 01:29:21]} {[%emt
00:03:13]} Qb6 {[%clk 01:22:23]} {[%emt 00:03:23]} 16. Rb1 {[%clk 01:28:32]}
{[%emt 00:01:19]} Rae8 {[%clk 01:17:17]} {[%emt 00:05:35]} 17. Qd2 {[%clk
01:25:52]} {[%emt 00:03:10]} d4 {[%clk 01:06:14]} {[%emt 00:11:33]} 18. Bf4
{[%clk 01:21:46]} {[%emt 00:04:35]} Bb4 {[%clk 01:03:32]} {[%emt 00:03:13]} 19.
c3 {[%clk 01:21:49]} {[%emt 00:00:26]} Rxe1+ {[%clk 01:00:11]} {[%emt
00:03:14]} 20. Qxe1 {[%clk 01:21:09]} {[%emt 00:01:48]} Re8 {[%clk 00:54:04]}
{[%emt 00:06:37]} 21. Qd2 {[%clk 01:20:54]} {[%emt 00:00:45]} Bc5 {[%clk
00:45:34]} {[%emt 00:09:00]} 22. Bg3 {[%clk 01:14:12]} {[%emt 00:07:12]} a5
{[%clk 00:41:22]} {[%emt 00:04:42]} 23. Rd1 {[%clk 01:10:38]} {[%emt 00:04:04]}
dxc3 {[%clk 00:40:33]} {[%emt 00:01:19]} 24. Qxc3 {[%clk 01:10:58]} {[%emt
00:00:09]} Qd8 {[%clk 00:38:08]} {[%emt 00:02:56]} 25. Bc4+ {[%clk 01:09:49]}
{[%emt 00:01:39]} Nd5 {[%clk 00:36:32]} {[%emt 00:02:06]} 26. Bxd5+ {[%clk
01:09:49]} {[%emt 00:00:30]} Kf8 {[%clk 00:36:07]} {[%emt 00:00:55]} 27. Qxc5+
{[%clk 01:09:55]} {[%emt 00:00:23]} 1-0

[Event "ODJM C 2024"]
[Site "Willingen GER"]
[Date "2024.05.23"]
[Round "7"]
[White "Wilke, Finja"]
[Black "Prigandt, Junis"]
[Result "0-1"]
[Termination "normal"]
[Board "26"]
[WhiteElo "1055"]
[BlackElo "1181"]
[WhiteClock "00:36:11"]
[BlackClock "00:54:43"]
[PlyCount "56"]
[WhiteFideId "16288360"]
[BlackFideId "34631712"]
[EventCountry "GER"]
[EventRounds "9"]
[EventType "swiss"]
[EventDate "2024.05.18"]

1. e4 {[%clk 01:30:58]} {[%emt 00:00:02]} g6 {[%clk 01:30:10]} {[%emt
00:00:50]} 2. Nf3 {[%clk 01:29:43]} {[%emt 00:01:44]} Bg7 {[%clk 01:29:41]}
{[%emt 00:00:59]} 3. d4 {[%clk 01:29:46]} {[%emt 00:00:27]} d6 {[%clk
01:29:59]} {[%emt 00:00:13]} 4. Bd3 {[%clk 01:29:28]} {[%emt 00:00:48]} Nd7
{[%clk 01:30:08]} {[%emt 00:00:21]} 5. O-O {[%clk 01:28:37]} {[%emt 00:01:21]}
e5 {[%clk 01:30:12]} {[%emt 00:00:26]} 6. c3 {[%clk 01:25:50]} {[%emt
00:03:16]} Ne7 {[%clk 01:27:41]} {[%emt 00:03:02]} 7. Bg5 {[%clk 01:23:19]}
{[%emt 00:03:00]} O-O {[%clk 01:27:03]} {[%emt 00:01:09]} 8. Nbd2 {[%clk
01:21:37]} {[%emt 00:02:12]} exd4 {[%clk 01:24:57]} {[%emt 00:02:36]} 9. cxd4
{[%clk 01:20:54]} {[%emt 00:01:13]} c5 {[%clk 01:21:55]} {[%emt 00:03:32]} 10.
Nb3 {[%clk 01:20:29]} {[%emt 00:00:55]} Re8 {[%clk 01:19:35]} {[%emt 00:02:50]}
11. Qd2 {[%clk 01:18:17]} {[%emt 00:02:42]} Qc7 {[%clk 01:17:16]} {[%emt
00:02:49]} 12. Bh6 {[%clk 01:17:35]} {[%emt 00:01:11]} a6 {[%clk 01:10:34]}
{[%emt 00:07:14]} 13. Rac1 {[%clk 01:15:56]} {[%emt 00:02:05]} b5 {[%clk
01:08:04]} {[%emt 00:03:04]} 14. dxc5 {[%clk 01:13:08]} {[%emt 00:03:17]} dxc5
{[%clk 01:07:18]} {[%emt 00:01:17]} 15. Be2 {[%clk 01:11:15]} {[%emt 00:02:21]}
Bb7 {[%clk 01:04:18]} {[%emt 00:03:32]} 16. Bxg7 {[%clk 01:07:56]} {[%emt
00:03:48]} Kxg7 {[%clk 01:04:33]} {[%emt 00:00:16]} 17. Qc3+ {[%clk 01:06:00]}
{[%emt 00:02:06]} Kg8 {[%clk 01:03:58]} {[%emt 00:01:24]} 18. Nxc5 {[%clk
01:01:21]} {[%emt 00:05:10]} Nxc5 {[%clk 01:03:46]} {[%emt 00:00:43]} 19. Qxc5
{[%clk 01:01:41]} {[%emt 00:00:08]} Qxc5 {[%clk 01:04:08]} {[%emt 00:00:09]}
20. Rxc5 {[%clk 01:02:06]} {[%emt 00:00:05]} Bxe4 {[%clk 01:04:16]} {[%emt
00:00:21]} 21. Ng5 {[%clk 00:58:54]} {[%emt 00:03:38]} Bd5 {[%clk 01:01:56]}
{[%emt 00:02:55]} 22. b3 {[%clk 00:57:59]} {[%emt 00:01:25]} Rac8 {[%clk
00:59:43]} {[%emt 00:02:42]} 23. Rxc8 {[%clk 00:58:04]} {[%emt 00:00:25]} Rxc8
{[%clk 01:00:05]} {[%emt 00:00:08]} 24. a4 {[%clk 00:57:13]} {[%emt 00:01:21]}
Bxb3 {[%clk 00:59:00]} {[%emt 00:01:35]} 25. axb5 {[%clk 00:57:27]} {[%emt
00:00:17]} axb5 {[%clk 00:59:21]} {[%emt 00:00:09]} 26. Bxb5 {[%clk 00:57:43]}
{[%emt 00:00:14]} Rc5 {[%clk 00:59:10]} {[%emt 00:00:42]} 27. Nxf7 {[%clk
00:41:40]} {[%emt 00:16:32]} Rxb5 {[%clk 00:56:15]} {[%emt 00:03:26]} 28. Nd6
{[%clk 00:36:11]} {[%emt 00:05:59]} Rd5 {[%clk 00:54:43]} {[%emt 00:02:02]} 0-1

[Event "ODJM C 2024"]
[Site "Willingen GER"]
[Date "2024.05.23"]
[Round "7"]
[White "Muhl, Jakob"]
[Black "Glaser-Gallion, Ludwig"]
[Result "0-1"]
[Termination "normal"]
[Board "29"]
[WhiteElo "1043"]
[BlackElo "1236"]
[WhiteClock "01:00:21"]
[BlackClock "00:27:26"]
[PlyCount "110"]
[WhiteFideId "34635181"]
[BlackFideId "533001880"]
[EventCountry "GER"]
[EventRounds "9"]
[EventType "swiss"]
[EventDate "2024.05.18"]

1. e4 {[%clk 01:30:56]} {[%emt 00:00:04]} c6 {[%clk 01:30:57]} {[%emt
00:00:05]} 2. Nc3 {[%clk 01:31:14]} {[%emt 00:00:12]} d5 {[%clk 01:31:20]}
{[%emt 00:00:07]} 3. Qf3 {[%clk 01:31:21]} {[%emt 00:00:22]} dxe4 {[%clk
01:29:26]} {[%emt 00:02:24]} 4. Nxe4 {[%clk 01:31:19]} {[%emt 00:00:32]} Nf6
{[%clk 01:29:42]} {[%emt 00:00:14]} 5. Nxf6+ {[%clk 01:29:31]} {[%emt
00:02:18]} exf6 {[%clk 01:30:03]} {[%emt 00:00:09]} 6. Bc4 {[%clk 01:28:45]}
{[%emt 00:01:17]} Bd6 {[%clk 01:24:09]} {[%emt 00:06:24]} 7. Qe2+ {[%clk
01:25:49]} {[%emt 00:03:25]} Qe7 {[%clk 01:24:13]} {[%emt 00:00:26]} 8. Qxe7+
{[%clk 01:25:53]} {[%emt 00:00:25]} Bxe7 {[%clk 01:24:22]} {[%emt 00:00:23]} 9.
Nf3 {[%clk 01:24:18]} {[%emt 00:02:05]} O-O {[%clk 01:24:21]} {[%emt 00:00:31]}
10. O-O {[%clk 01:24:08]} {[%emt 00:00:39]} Bf5 {[%clk 01:24:06]} {[%emt
00:00:45]} 11. d3 {[%clk 01:22:16]} {[%emt 00:02:22]} Bd6 {[%clk 01:23:43]}
{[%emt 00:00:53]} 12. Nd4 {[%clk 01:20:49]} {[%emt 00:01:56]} Bg6 {[%clk
01:23:19]} {[%emt 00:00:55]} 13. Re1 {[%clk 01:19:42]} {[%emt 00:01:36]} Nd7
{[%clk 01:21:55]} {[%emt 00:01:55]} 14. Bd2 {[%clk 01:17:59]} {[%emt 00:02:13]}
Bc5 {[%clk 01:20:29]} {[%emt 00:01:56]} 15. Nf3 {[%clk 01:16:49]} {[%emt
00:01:40]} a5 {[%clk 01:19:11]} {[%emt 00:01:48]} 16. a4 {[%clk 01:16:13]}
{[%emt 00:01:05]} Bh5 {[%clk 01:16:18]} {[%emt 00:03:23]} 17. d4 {[%clk
01:12:02]} {[%emt 00:04:41]} Bd6 {[%clk 01:12:07]} {[%emt 00:04:41]} 18. Nh4
{[%clk 01:09:18]} {[%emt 00:03:13]} Bc7 {[%clk 01:00:10]} {[%emt 00:12:28]} 19.
Re7 {[%clk 01:05:35]} {[%emt 00:04:12]} Rad8 {[%clk 00:57:27]} {[%emt
00:03:13]} 20. d5 {[%clk 01:02:32]} {[%emt 00:03:34]} Bd6 {[%clk 00:48:34]}
{[%emt 00:09:23]} 21. Ree1 {[%clk 01:00:39]} {[%emt 00:02:21]} cxd5 {[%clk
00:46:12]} {[%emt 00:02:53]} 22. Bxd5 {[%clk 01:00:13]} {[%emt 00:00:57]} b6
{[%clk 00:45:53]} {[%emt 00:00:50]} 23. Rad1 {[%clk 00:55:45]} {[%emt
00:04:56]} Bxd1 {[%clk 00:45:40]} {[%emt 00:00:44]} 24. Rxd1 {[%clk 00:55:53]}
{[%emt 00:00:23]} Rc8 {[%clk 00:44:37]} {[%emt 00:01:33]} 25. Bc3 {[%clk
00:54:57]} {[%emt 00:01:26]} Rfe8 {[%clk 00:43:12]} {[%emt 00:01:55]} 26. Bb7
{[%clk 00:53:13]} {[%emt 00:02:13]} Rc7 {[%clk 00:40:47]} {[%emt 00:02:57]} 27.
Nf5 {[%clk 00:50:22]} {[%emt 00:03:20]} Bf8 {[%clk 00:36:28]} {[%emt 00:04:49]}
28. Bd5 {[%clk 00:48:11]} {[%emt 00:02:39]} Re2 {[%clk 00:34:47]} {[%emt
00:02:13]} 29. Bb3 {[%clk 00:46:36]} {[%emt 00:02:03]} Bc5 {[%clk 00:31:32]}
{[%emt 00:03:46]} 30. Ne3 {[%clk 00:43:24]} {[%emt 00:03:41]} Bxe3 {[%clk
00:30:48]} {[%emt 00:01:13]} 31. fxe3 {[%clk 00:43:29]} {[%emt 00:00:26]} Rxe3
{[%clk 00:28:43]} {[%emt 00:02:35]} 32. Bd4 {[%clk 00:41:32]} {[%emt 00:02:28]}
Re8 {[%clk 00:28:39]} {[%emt 00:00:34]} 33. Bf2 {[%clk 00:38:50]} {[%emt
00:03:08]} Nc5 {[%clk 00:27:01]} {[%emt 00:02:10]} 34. Bc4 {[%clk 00:36:11]}
{[%emt 00:03:09]} Nxa4 {[%clk 00:26:34]} {[%emt 00:00:57]} 35. Bb5 {[%clk
00:35:51]} {[%emt 00:00:50]} Nxb2 {[%clk 00:25:16]} {[%emt 00:01:48]} 36. Rb1
{[%clk 00:35:21]} {[%emt 00:01:00]} Rec8 {[%clk 00:25:10]} {[%emt 00:00:37]}
37. Rxb2 {[%clk 00:35:21]} {[%emt 00:00:29]} Rxc2 {[%clk 00:24:53]} {[%emt
00:00:47]} 38. Rxc2 {[%clk 00:34:48]} {[%emt 00:01:03]} Rxc2 {[%clk 00:24:48]}
{[%emt 00:00:35]} 39. Kf1 {[%clk 00:33:47]} {[%emt 00:01:31]} Rb2 {[%clk
00:24:24]} {[%emt 00:00:54]} 40. Bc6 {[%clk 00:33:52]} {[%emt 00:00:24]} Rb4
{[%clk 00:20:45]} {[%emt 00:04:09]} 41. Be1 {[%clk 00:33:09]} {[%emt 00:01:13]}
Rb2 {[%clk 00:19:33]} {[%emt 00:01:42]} 42. Bf2 {[%clk 00:31:58]} {[%emt
00:01:38]} Rd2 {[%clk 00:11:12]} {[%emt 00:08:54]} 43. Ke1 {[%clk 00:31:32]}
{[%emt 00:00:55]} Rd6 {[%clk 00:10:52]} {[%emt 00:00:51]} 44. Bb5 {[%clk
00:31:43]} {[%emt 00:00:20]} Rd8 {[%clk 00:10:02]} {[%emt 00:01:20]} 45. Ba4
{[%clk 00:31:43]} {[%emt 00:00:30]} Rd6 {[%clk 00:08:18]} {[%emt 00:02:14]} 46.
Ke2 {[%clk 00:30:56]} {[%emt 00:01:16]} h5 {[%clk 00:03:25]} {[%emt 00:05:23]}
47. Kf3 {[%clk 00:30:23]} {[%emt 00:01:03]} Kf8 {[%clk 00:02:09]} {[%emt
00:01:46]} 48. Kf4 {[%clk 00:30:26]} {[%emt 00:00:27]} Ke7 {[%clk 00:01:05]}
{[%emt 00:01:34]} 49. h3 {[%clk 00:29:39]} {[%emt 00:01:17]} g6 {[%clk
00:00:46]} {[%emt 00:00:48]} 50. g4 {[%clk 00:29:31]} {[%emt 00:00:38]} hxg4
{[%clk 00:29:34]} {[%emt 00:01:43]} 51. hxg4 {[%clk 00:59:49]} {[%emt
00:00:11]} Kd8 {[%clk 00:28:19]} {[%emt 00:01:44]} 52. g5 {[%clk 00:59:49]}
{[%emt 00:00:31]} fxg5+ {[%clk 00:27:30]} {[%emt 00:01:19]} 53. Kxg5 {[%clk
01:00:03]} {[%emt 00:00:17]} f5 {[%clk 00:27:39]} {[%emt 00:00:20]} 54. Bg3
{[%clk 01:00:17]} {[%emt 00:00:16]} Re6 {[%clk 00:27:27]} {[%emt 00:00:43]} 55.
Bb3 {[%clk 01:00:21]} {[%emt 00:00:25]} Re3 {[%clk 00:27:26]} {[%emt 00:00:31]}
0-1